Wireless# guide to wireless communications / (Record no. 600194)

000 -LEADER
fixed length control field 00355nam a2200121Ia 4500
008 - FIXED-LENGTH DATA ELEMENTS--GENERAL INFORMATION
fixed length control field 230907s9999||||xx |||||||||||||| ||und||
082 ## - DEWEY DECIMAL CLASSIFICATION NUMBER
Classification number 621.384
Author Mark OLE
100 ## - MAIN ENTRY--PERSONAL NAME
Personal name Olenewa, Jorge.
9 (RLIN) 115929
245 #0 - TITLE STATEMENT
Title Wireless# guide to wireless communications /
260 ## - PUBLICATION, DISTRIBUTION, ETC.
Place of publication, distribution, etc. Thomson Course Technology,
Name of publisher, distributor, etc. Boston, Mass. :
Date of publication, distribution, etc. 2007
300 ## - PHYSICAL DESCRIPTION
Extent xxi, 506 p. :
942 ## - ADDED ENTRY ELEMENTS (KOHA)
Koha item type Book
Holdings
Withdrawn status Lost status Damaged status Not for loan Permanent Location Current Location Date acquired Total Checkouts Full call number Barcode Date last seen Price effective from Koha item type
        US-Pakistan Center for Advanced Studies in Energy (USPCAS-E) US-Pakistan Center for Advanced Studies in Energy (USPCAS-E) 09/26/2019   621.384 OLE CAS-E0004293 09/12/2023 09/12/2023 Book
© 2023 Central Library, National University of Sciences and Technology. All Rights Reserved.